[Event "MP do lat 16 - dziewczeta"]
[Site "Sypniewo"]
[Date "2022.03.27"]
[Round "9.10"]
[White "Dallemura, Anna"]
[Black "Uliasz, Katarzyna"]
[Result "1-0"]
[BlackElo "1575"]
[WhiteElo "1518"]
[LiveChessVersion "1.4.8"]

1. e4 {[%clk 1:30:59]} e5 {[%clk 1:30:57]} 2. Nf3 {[%clk 1:31:23]} Nc6
{[%clk 1:31:22]} 3. Bb5 {[%clk 1:31:27]} a6 {[%clk 1:31:32]} 4. Ba4
{[%clk 1:31:37]} Nf6 {[%clk 1:30:26]} 5. d3 {[%clk 1:31:23]} d6 {[%clk 1:29:26]}
6. c3 {[%clk 1:30:27]} g6 {[%clk 1:29:17]} 7. h3 {[%clk 1:29:19]} Bg7
{[%clk 1:29:23]} 8. Nbd2 {[%clk 1:28:33]} O-O {[%clk 1:27:07]} 9. Nf1
{[%clk 1:26:46]} b5 {[%clk 1:17:24]} 10. Bc2 {[%clk 1:24:50]} d5 {[%clk 1:13:44]}
11. Qe2 {[%clk 1:19:36]} Nh5 {[%clk 1:08:02]} 12. N1h2 {[%clk 1:07:41]} Nf4
{[%clk 1:01:35]} 13. Bxf4 {[%clk 1:04:11]} exf4 {[%clk 1:01:59]} 14. O-O
{[%clk 1:02:38]} Re8 {[%clk 0:58:14]} 15. Rad1 {[%clk 0:57:48]} Qf6
{[%clk 0:45:36]} 16. Rfe1 {[%clk 0:53:25]} dxe4 {[%clk 0:39:10]} 17. dxe4
{[%clk 0:52:06]} h5 {[%clk 0:35:44]} 18. Nd4 {[%clk 0:47:31]} Ne5
{[%clk 0:34:34]} 19. Nhf3 {[%clk 0:46:39]} c5 {[%clk 0:31:56]} 20. Nxe5
{[%clk 0:45:01]} Rxe5 {[%clk 0:31:35]} 21. Nf3 {[%clk 0:44:10]} Re8
{[%clk 0:31:16]} 22. e5 {[%clk 0:38:59]} Qe7 {[%clk 0:31:08]} 23. Be4
{[%clk 0:36:48]} Rb8 {[%clk 0:27:54]} 24. Qd2 {[%clk 0:27:35]} Be6
{[%clk 0:26:00]} 25. Qxf4 {[%clk 0:22:09]} Bxa2 {[%clk 0:26:02]} 26. Bd5
{[%clk 0:16:57]} Bxd5 {[%clk 0:25:29]} 27. Rxd5 {[%clk 0:17:25]} Rbd8
{[%clk 0:24:53]} 28. Rd6 {[%clk 0:15:21]} a5 {[%clk 0:16:18]} 29. Rxd8
{[%clk 0:13:10]} Rxd8 {[%clk 0:15:47]} 30. Qe4 {[%clk 0:12:16]} Kh7
{[%clk 0:12:18]} 31. Qc6 {[%clk 0:06:33]} b4 {[%clk 0:11:38]} 32. cxb4
{[%clk 0:06:58]} cxb4 {[%clk 0:11:28]} 33. e6 {[%clk 0:06:43]} f6
{[%clk 0:08:41]} 34. b3 {[%clk 0:03:05]} Bf8 {[%clk 0:07:22]} 35. Qe4
{[%clk 0:02:55]} Rd6 {[%clk 0:06:26]} 36. Nd4 {[%clk 0:02:33]} f5
{[%clk 0:06:06]} 37. Qe3 {[%clk 0:01:36]} Bh6 {[%clk 0:05:17]} 38. f4
{[%clk 0:01:12]} Bg7 {[%clk 0:05:02]} 39. Nf3 {[%clk 0:01:12]} Bf6
{[%clk 0:04:44]} 40. Kh2 {[%clk 0:31:14]} Kg7 {[%clk 0:33:56]} 41. Re2
{[%clk 0:24:23]} Kh7 {[%clk 0:24:05]} 42. Ng5+ {[%clk 0:11:23]} Bxg5
{[%clk 0:22:05]} 43. fxg5 {[%clk 0:11:51]} Rc6 {[%clk 0:21:31]} 44. Qe5
{[%clk 0:08:36]} h4 {[%clk 0:17:55]} 45. Re1 {[%clk 0:06:30]} Kg8
{[%clk 0:08:06]} 46. Kh1 {[%clk 0:04:15]} Rc5 {[%clk 0:05:49]} 47. Qxc5
{[%clk 0:02:39]} Qxc5 {[%clk 0:05:40]} 48. e7 {[%clk 0:03:05]} a4
{[%clk 0:01:27]} 49. e8=Q+ {[%clk 0:03:28]} Qf8 {[%clk 0:01:51]} 50. Qxf8+
{[%clk 0:03:42]} Kxf8 {[%clk 0:02:18]} 51. bxa4 {[%clk 0:04:06]} b3
{[%clk 0:02:36]} 52. Rb1 {[%clk 0:04:32]} f4 {[%clk 0:02:54]} 53. Rxb3
{[%clk 0:04:57]} f3 {[%clk 0:03:12]} 54. gxf3 {[%clk 0:05:19]} Ke7
{[%clk 0:03:34]} 55. a5 {[%clk 0:05:41]} Ke6 {[%clk 0:03:59]} 56. a6
{[%clk 0:05:47]} Kf5 {[%clk 0:04:26]} 57. a7 {[%clk 0:05:54]} Kf4
{[%clk 0:04:48]} 58. a8=Q Kxg5 {[%clk 0:04:57]} 59. Qd5+ {[%clk 0:06:19]} Kf4
{[%clk 0:05:17]} 60. Kg2 {[%clk 0:06:20]} g5 {[%clk 0:05:37]} 61. Qe4#
{[%clk 0:06:47]} 1-0

[Event "MP do lat 16 - dziewczeta"]
[Site "Sypniewo"]
[Date "2022.03.27"]
[Round "9.11"]
[White "Staniewicz, Adrianna"]
[Black "Trybus, Dominika"]
[Result "0-1"]
[BlackElo "1534"]
[WhiteElo "1376"]
[LiveChessVersion "1.4.8"]

1. e4 {[%clk 1:30:58]} c6 {[%clk 1:30:56]} 2. d4 {[%clk 1:31:18]} d5
{[%clk 1:31:22]} 3. Nc3 {[%clk 1:31:37]} a6 {[%clk 1:31:48]} 4. Nf3
{[%clk 1:31:13]} Bg4 {[%clk 1:31:26]} 5. Be2 {[%clk 1:30:16]} Bxf3
{[%clk 1:31:02]} 6. Bxf3 {[%clk 1:30:25]} Nf6 {[%clk 1:31:27]} 7. e5
{[%clk 1:27:41]} Nfd7 {[%clk 1:31:47]} 8. Bf4 {[%clk 1:25:52]} e6
{[%clk 1:32:04]} 9. O-O {[%clk 1:24:22]} c5 {[%clk 1:30:33]} 10. Ne2
{[%clk 1:19:52]} cxd4 {[%clk 1:28:52]} 11. Nxd4 {[%clk 1:18:41]} Bc5
{[%clk 1:25:50]} 12. c3 {[%clk 1:16:18]} O-O {[%clk 1:25:19]} 13. Re1
{[%clk 1:14:38]} Nc6 {[%clk 1:23:48]} 14. Qd2 {[%clk 1:06:15]} Na5
{[%clk 1:16:43]} 15. b3 {[%clk 1:03:20]} Qc7 {[%clk 1:13:14]} 16. Bg3
{[%clk 0:59:54]} Rac8 {[%clk 1:11:36]} 17. Rac1 {[%clk 0:58:17]} Nc6
{[%clk 1:07:31]} 18. Nxc6 {[%clk 0:55:15]} bxc6 {[%clk 1:07:51]} 19. h4
{[%clk 0:52:21]} a5 {[%clk 1:04:26]} 20. h5 {[%clk 0:51:23]} Nb6 {[%clk 0:59:36]}
21. Be2 {[%clk 0:47:18]} Rfd8 {[%clk 0:58:56]} 22. Bd3 {[%clk 0:45:06]} Ba3
{[%clk 0:55:03]} 23. Rcd1 {[%clk 0:41:10]} c5 {[%clk 0:54:51]} 24. Bh4
{[%clk 0:36:29]} Re8 {[%clk 0:50:55]} 25. Bf6 {[%clk 0:27:52]} c4
{[%clk 0:40:39]} 26. Qg5 {[%clk 0:23:24]} Bf8 {[%clk 0:34:46]} 27. Bxg7
{[%clk 0:12:08]} Bxg7 {[%clk 0:34:58]} 28. h6 {[%clk 0:12:04]} f6
{[%clk 0:34:50]} 29. Qxg7+ {[%clk 0:09:55]} Qxg7 {[%clk 0:35:12]} 30. hxg7
{[%clk 0:10:21]} cxd3 {[%clk 0:35:38]} 31. exf6 {[%clk 0:09:11]} Kf7
{[%clk 0:35:51]} 32. Rxd3 {[%clk 0:08:46]} Kxf6 {[%clk 0:35:59]} 33. Rde3
{[%clk 0:07:24]} Re7 {[%clk 0:33:49]} 34. f4 {[%clk 0:04:51]} Rg8
{[%clk 0:29:12]} 35. b4 {[%clk 0:03:25]} axb4 {[%clk 0:29:05]} 36. cxb4
{[%clk 0:03:44]} Nc4 {[%clk 0:29:30]} 37. R3e2 {[%clk 0:03:32]} Rgxg7
{[%clk 0:28:40]} 38. Kf2 {[%clk 0:03:04]} Nd6 39. Rb2 {[%clk 0:00:56]} Ne4+
{[%clk 0:26:34]} 40. Kg1 {[%clk 0:30:43]} Kf5 {[%clk 0:56:31]} 41. b5
{[%clk 0:29:50]} Kxf4 {[%clk 0:56:06]} 42. b6 {[%clk 0:30:07]} Nc5
{[%clk 0:54:23]} 43. a4 {[%clk 0:28:44]} Nb7 {[%clk 0:52:55]} 44. Rb5
{[%clk 0:28:14]} Nd6 {[%clk 0:44:31]} 45. Rb4+ {[%clk 0:28:03]} Kf5
{[%clk 0:43:59]} 46. a5 {[%clk 0:27:38]} Nc8 {[%clk 0:42:42]} 47. a6
{[%clk 0:27:18]} Nxb6 {[%clk 0:43:01]} 48. Rxb6 {[%clk 0:27:39]} e5
{[%clk 0:42:57]} 49. Reb1 {[%clk 0:27:07]} Ra7 {[%clk 0:42:46]} 50. Rb7
{[%clk 0:26:50]} d4 {[%clk 0:41:28]} 51. Rxg7 {[%clk 0:26:06]} Rxg7
{[%clk 0:41:49]} 52. Rb7 {[%clk 0:26:27]} Rg6 {[%clk 0:41:40]} 53. a7
{[%clk 0:25:27]} Ra6 {[%clk 0:42:05]} 54. Kf2 {[%clk 0:24:49]} h6
{[%clk 0:42:07]} 55. Rd7 {[%clk 0:24:11]} Ke4 {[%clk 0:41:25]} 56. Ke2
{[%clk 0:22:53]} Ra2+ {[%clk 0:41:33]} 57. Kd1 {[%clk 0:22:47]} Kd3
{[%clk 0:41:17]} 58. Kc1 {[%clk 0:22:57]} e4 {[%clk 0:41:25]} 59. Kb1
{[%clk 0:22:36]} Ra6 {[%clk 0:41:35]} 60. Rb7 {[%clk 0:22:33]} e3
{[%clk 0:41:33]} 61. Rb3+ {[%clk 0:22:38]} Kc4 {[%clk 0:40:43]} 62. Rb7
{[%clk 0:22:21]} e2 {[%clk 0:40:34]} 63. Re7 {[%clk 0:22:48]} Kd3
{[%clk 0:40:44]} 64. Kc1 {[%clk 0:23:00]} Rxa7 {[%clk 0:40:32]} 65. Rxa7
{[%clk 0:22:53]} e1=Q+ 0-1

[Event "MP do lat 16 - dziewczeta"]
[Site "Sypniewo"]
[Date "2022.03.27"]
[Round "9.12"]
[White "Giemza, Julia"]
[Black "Nowak, Zuzanna"]
[Result "1-0"]
[BlackElo "1379"]
[WhiteElo "1512"]
[LiveChessVersion "1.4.8"]

1. e4 {[%clk 1:30:58]} e5 {[%clk 1:30:33]} 2. Nf3 {[%clk 1:31:22]} Nc6
{[%clk 1:30:51]} 3. Bb5 {[%clk 1:31:42]} a6 {[%clk 1:31:04]} 4. Ba4
{[%clk 1:31:52]} Nf6 {[%clk 1:31:16]} 5. d3 {[%clk 1:32:03]} b5 {[%clk 1:31:06]}
6. Bb3 {[%clk 1:32:26]} Bb7 {[%clk 1:31:25]} 7. O-O {[%clk 1:32:42]} Bc5
{[%clk 1:31:27]} 8. Re1 {[%clk 1:32:09]} O-O {[%clk 1:29:24]} 9. h3
{[%clk 1:30:55]} d6 {[%clk 1:25:05]} 10. c3 {[%clk 1:29:21]} Ba7 {[%clk 1:22:27]}
11. Nbd2 {[%clk 1:28:15]} Na5 {[%clk 1:22:26]} 12. Bc2 {[%clk 1:27:56]} c5
{[%clk 1:22:23]} 13. Nf1 {[%clk 1:26:01]} Nc6 {[%clk 1:20:20]} 14. Ng3
{[%clk 1:23:03]} Re8 {[%clk 1:17:12]} 15. Bg5 {[%clk 1:20:51]} h6
{[%clk 1:17:34]} 16. Be3 {[%clk 1:21:07]} Qb6 {[%clk 1:17:58]} 17. Nh4
{[%clk 1:17:46]} Ne7 {[%clk 1:11:48]} 18. Qf3 {[%clk 1:16:06]} d5
{[%clk 1:01:22]} 19. Nhf5 {[%clk 1:08:35]} Kh7 {[%clk 0:57:02]} 20. Rad1
{[%clk 1:01:58]} Rad8 {[%clk 0:53:01]} 21. Bc1 {[%clk 0:51:35]} Ng6
{[%clk 0:42:40]} 22. a4 {[%clk 0:48:23]} Rd7 {[%clk 0:40:48]} 23. Nh5
{[%clk 0:39:38]} Nxh5 {[%clk 0:29:44]} 24. Qxh5 {[%clk 0:40:01]} Nf8
{[%clk 0:30:01]} 25. a5 {[%clk 0:37:16]} Qg6 {[%clk 0:26:40]} 26. Qh4
{[%clk 0:35:18]} Ne6 {[%clk 0:22:11]} 27. Re3 {[%clk 0:33:17]} Nf4
{[%clk 0:19:19]} 28. g3 {[%clk 0:29:21]} dxe4 {[%clk 0:16:16]} 29. dxe4
{[%clk 0:28:46]} c4 {[%clk 0:15:48]} 30. Rxd7 {[%clk 0:24:49]} Bxe3
{[%clk 0:15:01]} 31. Bxe3 {[%clk 0:23:48]} Bc8 {[%clk 0:14:44]} 32. Rd6
{[%clk 0:21:50]} Ne6 {[%clk 0:14:22]} 33. Ne7 {[%clk 0:20:37]} 1-0

[Event "MP do lat 16 - dziewczeta"]
[Site "Sypniewo"]
[Date "2022.03.27"]
[Round "9.13"]
[White "Grzesik, Nikola"]
[Black "Szczotka, Matylda"]
[Result "1/2-1/2"]
[BlackElo "1479"]
[WhiteElo "1374"]
[LiveChessVersion "1.4.8"]

1. c4 {[%clk 1:30:58]} e5 {[%clk 1:30:56]} 2. Nc3 {[%clk 1:31:24]} Nf6
{[%clk 1:31:20]} 3. g3 {[%clk 1:31:50]} d5 {[%clk 1:31:34]} 4. cxd5
{[%clk 1:32:08]} Nxd5 {[%clk 1:32:00]} 5. Bg2 {[%clk 1:32:22]} Nb6
{[%clk 1:32:23]} 6. d3 {[%clk 1:32:06]} Nc6 {[%clk 1:32:29]} 7. Nf3
{[%clk 1:32:11]} Be7 {[%clk 1:32:36]} 8. O-O {[%clk 1:32:13]} O-O
{[%clk 1:32:44]} 9. a3 {[%clk 1:30:20]} Re8 {[%clk 1:26:04]} 10. Qc2
{[%clk 1:25:22]} Nd4 {[%clk 1:17:58]} 11. Nxd4 {[%clk 1:23:53]} exd4
{[%clk 1:18:17]} 12. Ne4 {[%clk 1:21:14]} c6 {[%clk 1:13:46]} 13. Re1
{[%clk 1:15:06]} Nd5 {[%clk 0:59:12]} 14. Qc4 {[%clk 1:08:55]} Qb6
{[%clk 0:49:47]} 15. Nd2 {[%clk 0:53:04]} Be6 {[%clk 0:43:34]} 16. Qc2
{[%clk 0:52:43]} Rad8 {[%clk 0:38:34]} 17. Nc4 {[%clk 0:51:22]} Qc7
{[%clk 0:37:33]} 18. Bd2 {[%clk 0:43:09]} Bf6 {[%clk 0:26:48]} 19. Rab1
{[%clk 0:35:54]} Bg4 {[%clk 0:20:06]} 20. e4 {[%clk 0:26:04]} dxe3
{[%clk 0:13:49]} 21. fxe3 {[%clk 0:26:13]} Qd7 {[%clk 0:11:18]} 22. e4
{[%clk 0:22:57]} Nc7 {[%clk 0:05:20]} 23. Bf4 {[%clk 0:20:09]} Qd4+
{[%clk 0:03:23]} 24. Kh1 {[%clk 0:19:09]} Ne6 {[%clk 0:02:24]} 25. Be3
{[%clk 0:10:31]} Qxd3 {[%clk 0:01:31]} 26. Qxd3 {[%clk 0:10:53]} Rxd3
{[%clk 0:02:00]} 27. Bxa7 {[%clk 0:10:27]} Bd4 {[%clk 0:00:39]} 28. Bxd4
{[%clk 0:10:31]} Nxd4 {[%clk 0:00:48]} 29. Bf1 {[%clk 0:04:14]} Rf3
{[%clk 0:00:40]} 30. Bg2 {[%clk 0:03:42]} Rd3 {[%clk 0:00:45]} 31. Bf1
{[%clk 0:04:00]} Rf3 {[%clk 0:01:05]} 32. Bg2 {[%clk 0:04:21]} Rd3
{[%clk 0:01:01]} 33. Bf1 {[%clk 0:04:12]} 1/2-1/2

[Event "MP do lat 16 - dziewczeta"]
[Site "Sypniewo"]
[Date "2022.03.27"]
[Round "9.14"]
[White "Zybrant, Sandra"]
[Black "Pastuszko, Katarzyna"]
[Result "1-0"]
[BlackElo "1422"]
[WhiteElo "1269"]
[LiveChessVersion "1.4.8"]

1. Nf3 {[%clk 1:30:58]} Nc6 {[%clk 1:30:35]} 2. d4 {[%clk 1:31:22]} d5
{[%clk 1:30:20]} 3. e3 {[%clk 1:31:33]} Nf6 {[%clk 1:30:18]} 4. b3
{[%clk 1:31:47]} Bf5 {[%clk 1:29:45]} 5. a3 {[%clk 1:29:58]} e6 {[%clk 1:29:18]}
6. Bb2 {[%clk 1:30:23]} Be7 {[%clk 1:27:42]} 7. Be2 {[%clk 1:30:44]} O-O
{[%clk 1:27:27]} 8. O-O {[%clk 1:30:48]} Ne4 {[%clk 1:24:58]} 9. c4
{[%clk 1:28:33]} a5 {[%clk 1:14:09]} 10. Nc3 {[%clk 1:26:13]} Qd7
{[%clk 1:09:58]} 11. Nd2 {[%clk 1:20:34]} Nxc3 {[%clk 1:00:08]} 12. Bxc3
{[%clk 1:19:35]} Rfd8 {[%clk 0:56:07]} 13. Nf3 {[%clk 1:09:52]} Kh8
{[%clk 0:45:56]} 14. c5 {[%clk 1:00:49]} f6 {[%clk 0:33:18]} 15. Nh4
{[%clk 0:55:54]} e5 {[%clk 0:24:21]} 16. Nxf5 {[%clk 0:54:01]} Qxf5
{[%clk 0:24:43]} 17. b4 {[%clk 0:51:10]} e4 {[%clk 0:19:43]} 18. b5
{[%clk 0:42:35]} Nb8 {[%clk 0:17:36]} 19. Qd2 {[%clk 0:42:29]} a4
{[%clk 0:17:22]} 20. f3 {[%clk 0:42:22]} Qg6 {[%clk 0:16:22]} 21. Ba5
{[%clk 0:39:51]} Rc8 {[%clk 0:11:51]} 22. fxe4 {[%clk 0:39:20]} dxe4
{[%clk 0:11:34]} 23. Bb4 {[%clk 0:38:41]} Nd7 {[%clk 0:09:36]} 24. Qc2
{[%clk 0:34:59]} c6 {[%clk 0:08:08]} 25. Bc4 {[%clk 0:33:37]} f5 {[%clk 0:07:32]}
26. Qa2 {[%clk 0:29:23]} Bg5 {[%clk 0:06:02]} 27. Rae1 {[%clk 0:29:29]} Nf6
{[%clk 0:05:35]} 28. Be6 {[%clk 0:29:22]} Rd8 {[%clk 0:04:44]} 29. Bxf5
{[%clk 0:29:00]} Qh6 {[%clk 0:04:58]} 30. Bd2 {[%clk 0:19:27]} Bh4
{[%clk 0:04:31]} 31. Re2 {[%clk 0:15:20]} Nh5 {[%clk 0:03:55]} 32. Be1
{[%clk 0:15:08]} Bg5 {[%clk 0:03:28]} 33. Bf2 {[%clk 0:15:19]} Nf6
{[%clk 0:03:04]} 34. bxc6 {[%clk 0:13:50]} bxc6 {[%clk 0:03:30]} 35. Qe6
{[%clk 0:13:22]} Qh5 {[%clk 0:02:05]} 36. Rfe1 {[%clk 0:12:57]} Re8
{[%clk 0:02:09]} 37. Qxc6 {[%clk 0:13:09]} Bxe3 {[%clk 0:01:54]} 38. Bxe3
{[%clk 0:07:17]} Qxf5 {[%clk 0:01:56]} 39. Rf2 {[%clk 0:06:59]} Qd5
{[%clk 0:01:32]} 40. Qxd5 Nxd5 {[%clk 0:31:52]} 41. Bf4 {[%clk 0:33:59]} Nf6
{[%clk 0:24:49]} 42. Rfe2 {[%clk 0:33:59]} h6 {[%clk 0:21:56]} 43. Be5
{[%clk 0:34:18]} Nd7 {[%clk 0:20:09]} 44. Rxe4 {[%clk 0:34:32]} Nxe5
{[%clk 0:20:04]} 45. Rxe5 {[%clk 0:34:53]} Red8 {[%clk 0:18:11]} 46. d5
{[%clk 0:33:29]} Kh7 {[%clk 0:16:46]} 47. d6 {[%clk 0:32:32]} Ra5
{[%clk 0:15:18]} 48. R1e4 {[%clk 0:31:55]} Rb5 {[%clk 0:12:41]} 49. h3
{[%clk 0:30:23]} Kg6 {[%clk 0:07:53]} 50. Re6+ {[%clk 0:29:56]} Kf7
{[%clk 0:07:18]} 51. c6 {[%clk 0:30:16]} Rd5 {[%clk 0:06:50]} 52. c7
{[%clk 0:30:23]} Rc8 {[%clk 0:06:15]} 53. Re7+ {[%clk 0:30:22]} Kg6
{[%clk 0:05:35]} 54. d7 {[%clk 0:29:41]} Rxc7 {[%clk 0:05:37]} 55. d8=Q
{[%clk 0:30:04]} 1-0

[Event "MP do lat 16 - dziewczeta"]
[Site "Sypniewo"]
[Date "2022.03.27"]
[Round "9.15"]
[White "Pudelko, Magdalena"]
[Black "Romejko, Jagoda"]
[Result "1/2-1/2"]
[BlackElo "1361"]
[WhiteElo "1407"]
[LiveChessVersion "1.4.8"]

1. e4 {[%clk 1:30:59]} d5 {[%clk 1:30:55]} 2. exd5 {[%clk 1:31:25]} Qxd5
{[%clk 1:31:20]} 3. Nf3 {[%clk 1:31:50]} Bg4 {[%clk 1:31:46]} 4. Be2
{[%clk 1:32:16]} Nf6 {[%clk 1:31:46]} 5. O-O {[%clk 1:32:40]} Nc6
{[%clk 1:31:17]} 6. h3 {[%clk 1:32:42]} Bh5 {[%clk 1:31:22]} 7. Nc3
{[%clk 1:33:06]} Qd7 {[%clk 1:31:19]} 8. d3 {[%clk 1:32:11]} e6 {[%clk 1:29:01]}
9. Bf4 {[%clk 1:27:40]} Be7 {[%clk 1:24:58]} 10. Re1 {[%clk 1:15:16]} O-O
{[%clk 1:23:47]} 11. Qd2 {[%clk 1:10:19]} Bg6 {[%clk 1:21:10]} 12. a3
{[%clk 1:07:40]} Rfe8 {[%clk 1:20:39]} 13. b4 {[%clk 1:06:27]} a6
{[%clk 1:18:55]} 14. Rad1 {[%clk 1:03:50]} Rad8 {[%clk 1:16:26]} 15. Qc1
{[%clk 0:58:58]} Nd5 {[%clk 1:09:22]} 16. Nxd5 {[%clk 0:57:42]} exd5
{[%clk 1:08:52]} 17. c4 {[%clk 0:44:50]} Bf6 {[%clk 1:06:26]} 18. Bg5
{[%clk 0:27:46]} Bxg5 {[%clk 1:00:22]} 19. Nxg5 h6 {[%clk 0:58:19]} 20. Nf3
{[%clk 0:28:03]} Re7 {[%clk 0:47:00]} 21. b5 {[%clk 0:18:56]} Ne5
{[%clk 0:34:21]} 22. bxa6 {[%clk 0:13:58]} bxa6 {[%clk 0:34:28]} 23. d4
{[%clk 0:09:06]} Nxf3+ {[%clk 0:29:44]} 24. Bxf3 {[%clk 0:09:26]} Rxe1+
{[%clk 0:29:45]} 25. Rxe1 {[%clk 0:10:17]} dxc4 {[%clk 0:27:51]} 26. Qxc4
{[%clk 0:08:32]} Qd6 27. a4 {[%clk 0:08:08]} Kh7 {[%clk 0:26:52]} 28. d5
{[%clk 0:03:09]} Rb8 29. g3 {[%clk 0:03:09]} Rb4 {[%clk 0:14:33]} 30. Qc6
{[%clk 0:01:42]} Qxc6 {[%clk 0:07:39]} 31. dxc6 {[%clk 0:02:09]} Rb1
{[%clk 0:07:25]} 32. Rxb1 {[%clk 0:01:09]} Bxb1 {[%clk 0:07:52]} 33. Be2
{[%clk 0:01:03]} a5 {[%clk 0:05:55]} 34. Kg2 {[%clk 0:01:14]} Kg6
{[%clk 0:06:06]} 35. Kf3 {[%clk 0:01:35]} Kf6 {[%clk 0:06:17]} 36. Ke3
{[%clk 0:01:44]} Ke5 {[%clk 0:06:01]} 37. Bb5 {[%clk 0:00:40]} Kd5
{[%clk 0:05:34]} 38. g4 {[%clk 0:00:35]} Kc5 {[%clk 0:04:43]} 39. Kf4
{[%clk 0:00:36]} Ba2 {[%clk 0:04:19]} 40. Ke5 {[%clk 0:30:41]} Bc4
{[%clk 0:31:18]} 41. Bxc4 {[%clk 0:29:53]} Kxc4 {[%clk 0:28:55]} 42. h4
{[%clk 0:19:45]} Kc5 {[%clk 0:24:49]} 43. f4 {[%clk 0:13:36]} Kxc6
{[%clk 0:17:54]} 44. h5 {[%clk 0:04:32]} Kc5 {[%clk 0:04:20]} 45. g5
{[%clk 0:04:52]} Kb4 {[%clk 0:04:35]} 46. f5 {[%clk 0:03:48]} c5 {[%clk 0:02:50]}
47. f6 {[%clk 0:03:56]} gxf6+ {[%clk 0:03:06]} 48. Kxf6 {[%clk 0:04:23]} c4
{[%clk 0:03:09]} 49. gxh6 {[%clk 0:04:45]} c3 {[%clk 0:03:33]} 50. h7
{[%clk 0:05:13]} c2 {[%clk 0:03:58]} 51. h8=Q {[%clk 0:05:38]} c1=Q
{[%clk 0:04:23]} 52. Qb8+ {[%clk 0:00:37]} Kxa4 {[%clk 0:02:45]} 53. Kxf7
{[%clk 0:00:40]} Qc4+ {[%clk 0:02:40]} 54. Kg6 {[%clk 0:00:51]} Qc6+
{[%clk 0:02:20]} 55. Kg5 {[%clk 0:00:59]} Qd5+ {[%clk 0:02:35]} 56. Kg4
{[%clk 0:01:05]} Qe6+ {[%clk 0:02:39]} 57. Kg5 {[%clk 0:01:30]} Qd5+
{[%clk 0:02:40]} 58. Kg4 {[%clk 0:01:35]} Qe6+ {[%clk 0:03:01]} 59. Kg3
{[%clk 0:00:59]} Qe3+ {[%clk 0:02:52]} 60. Kg4 {[%clk 0:01:19]} Qe6+
{[%clk 0:03:17]} 61. Kg3 1/2-1/2

[Event "MP do lat 16 - dziewczeta"]
[Site "Sypniewo"]
[Date "2022.03.27"]
[Round "9.16"]
[White "Gornisiewicz, Natalia"]
[Black "Olszewska, Wiktoria"]
[Result "1/2-1/2"]
[BlackElo "1262"]
[WhiteElo "1485"]
[LiveChessVersion "1.4.8"]

1. Nf3 {[%clk 1:30:55]} d5 {[%clk 1:30:32]} 2. c4 {[%clk 1:30:52]} d4
{[%clk 1:30:08]} 3. e3 {[%clk 1:29:51]} Nc6 {[%clk 1:28:38]} 4. a3
{[%clk 1:28:14]} a5 {[%clk 1:25:30]} 5. g3 {[%clk 1:26:19]} e5 {[%clk 1:24:16]}
6. d3 {[%clk 1:24:59]} Bg4 {[%clk 1:18:40]} 7. h3 {[%clk 1:23:46]} Bh5
{[%clk 1:18:19]} 8. Be2 {[%clk 1:17:17]} Bg6 {[%clk 1:11:17]} 9. exd4
{[%clk 1:14:43]} exd4 {[%clk 1:11:18]} 10. O-O {[%clk 1:10:19]} Bd6
{[%clk 1:08:13]} 11. Re1 {[%clk 1:09:22]} Nge7 {[%clk 1:07:29]} 12. b3
{[%clk 1:07:47]} O-O {[%clk 1:07:00]} 13. Bb2 {[%clk 1:07:36]} Bc5
{[%clk 1:02:10]} 14. Bf1 {[%clk 1:03:53]} Nf5 {[%clk 0:58:35]} 15. Nbd2
{[%clk 1:02:04]} Nd6 {[%clk 0:51:59]} 16. Ne5 {[%clk 1:00:05]} Nxe5
{[%clk 0:47:33]} 17. Rxe5 {[%clk 1:00:25]} b6 {[%clk 0:46:08]} 18. Nf3
{[%clk 0:57:58]} Nf5 {[%clk 0:42:21]} 19. Bg2 {[%clk 0:53:57]} Ra7
{[%clk 0:36:30]} 20. g4 {[%clk 0:49:32]} Nh4 {[%clk 0:32:20]} 21. Rd5
{[%clk 0:48:05]} Nxf3+ {[%clk 0:30:55]} 22. Qxf3 {[%clk 0:48:16]} Qe7
{[%clk 0:29:46]} 23. Qf4 {[%clk 0:39:12]} Rd8 {[%clk 0:25:17]} 24. Rxd8+
{[%clk 0:30:41]} Qxd8 {[%clk 0:25:21]} 25. Bd5 {[%clk 0:29:19]} Qe7
{[%clk 0:22:00]} 26. Rd1 {[%clk 0:23:16]} Bxa3 {[%clk 0:16:14]} 27. Bxd4
{[%clk 0:22:19]} Bd6 {[%clk 0:15:49]} 28. Qd2 {[%clk 0:19:47]} c5
{[%clk 0:14:58]} 29. Re1 {[%clk 0:18:58]} Qd8 {[%clk 0:09:34]} 30. Be3
{[%clk 0:15:02]} Re7 {[%clk 0:07:59]} 31. Rc1 {[%clk 0:14:04]} h6
{[%clk 0:07:18]} 32. d4 {[%clk 0:13:31]} Qc7 {[%clk 0:06:18]} 33. dxc5
{[%clk 0:09:48]} Bxc5 {[%clk 0:06:23]} 34. Bf4 {[%clk 0:09:17]} Qc8
{[%clk 0:03:41]} 35. Bg3 {[%clk 0:05:02]} Qe8 {[%clk 0:03:05]} 36. Rf1
{[%clk 0:01:36]} 1/2-1/2

[Event "MP do lat 16 - dziewczeta"]
[Site "Sypniewo"]
[Date "2022.03.27"]
[Round "9.17"]
[White "Zalewska, Malgorzata"]
[Black "Biniak, Zuzanna"]
[Result "1/2-1/2"]
[BlackElo "1257"]
[WhiteElo "1338"]
[LiveChessVersion "1.4.8"]

1. e4 {[%clk 1:30:58]} c5 {[%clk 1:30:55]} 2. Nf3 {[%clk 1:31:23]} d6
{[%clk 1:31:19]} 3. d4 {[%clk 1:31:48]} cxd4 {[%clk 1:31:44]} 4. Nxd4
{[%clk 1:32:14]} Nf6 {[%clk 1:32:05]} 5. Nc3 {[%clk 1:32:37]} g6 {[%clk 1:32:30]}
6. Be3 {[%clk 1:33:00]} Bg7 {[%clk 1:32:54]} 7. f3 {[%clk 1:33:24]} Nc6
{[%clk 1:33:03]} 8. Qd2 {[%clk 1:33:47]} h5 {[%clk 1:33:04]} 9. O-O-O
{[%clk 1:33:56]} Bd7 {[%clk 1:33:09]} 10. Bc4 {[%clk 1:34:03]} Na5
{[%clk 1:29:55]} 11. Bb3 {[%clk 1:31:33]} Nxb3+ {[%clk 1:28:17]} 12. Nxb3
{[%clk 1:32:00]} a6 {[%clk 1:27:57]} 13. Rhe1 {[%clk 1:29:42]} O-O
{[%clk 1:23:24]} 14. Bh6 {[%clk 1:28:05]} Kh7 {[%clk 1:22:58]} 15. Bxg7
{[%clk 1:27:41]} Kxg7 {[%clk 1:23:27]} 16. h3 {[%clk 1:27:37]} Bc6
{[%clk 1:10:34]} 17. g4 {[%clk 1:26:36]} hxg4 {[%clk 1:07:28]} 18. hxg4
{[%clk 1:26:58]} Rh8 {[%clk 1:07:38]} 19. Rh1 {[%clk 1:26:25]} Qc7
{[%clk 1:06:35]} 20. Qg5 {[%clk 1:24:39]} Rag8 {[%clk 1:00:12]} 21. Rhe1
{[%clk 1:20:19]} Rh3 {[%clk 0:51:54]} 22. Nd4 {[%clk 1:16:22]} Kf8
{[%clk 0:46:26]} 23. Qf4 {[%clk 1:14:28]} Kg7 {[%clk 0:40:58]} 24. Qg5
{[%clk 1:13:04]} Kf8 {[%clk 0:40:59]} 25. Qf4 {[%clk 1:13:26]} Kg7
{[%clk 0:41:13]} 26. Qg5 {[%clk 1:13:19]} Kf8 {[%clk 0:41:26]} 1/2-1/2